| 000 | 00888nam a2200301Ia 4500 | ||
|---|---|---|---|
| 001 | H1564 | ||
| 003 | IT-RoPAU | ||
| 008 | 130308s9999 xx 000 0 und d | ||
| 040 | _aIT-RoPAU | ||
| 040 | _cIT-RoPAU | ||
| 041 | _aFRANCESE | ||
| 100 | _aGolino Enzo | ||
| 100 | _gCodice Aut. SPICS: 5941 | ||
| 245 | _a"Espace et temps dans ""l'ile du jour d'avant""" | ||
| 245 | _bAu Nom Du sens Autour de L'Oeuvre D'Umberto Eco | ||
| 250 | _a1a ed. | ||
| 260 | _aPARIS | ||
| 260 | _bGrasset Bernard | ||
| 260 | _c2000 [1° Ed.:2000 - Ed.Ling.Originale:2000] | ||
| 300 | _a"15 p. (prefazione: no ; testo: 15 [pagine: 439-453])" | ||
| 500 | _a"Spazio e Tempo nell'opera ""L'Ile Du Jour D'Avant"". Giocando con la Storia.Carosello Barocco." | ||
| 650 | _aSEMIOLOGIA | ||
| 650 | _eCodice materia Spics: 3251 | ||
| 942 | _cBK | ||
| 957 | _71 | ||
| 999 |
_c40732 _d40732 |
||
| 999 | _bSI | ||
| 999 | _g1 | ||